Evaluación de enmiendas orgánicas en la producción de ajo (Allium sativum) /
Guardado en:
| Autor Principal: | |
|---|---|
| Autor Corporativo: | |
| Otros Autores: | |
| Formato: | Libro |
| Idioma: | Spanish |
| Publicado: |
Bahía Blanca,
2008.
|
| Etiquetas: |
Agregar Etiqueta
Sin Etiquetas, Sea el primero en etiquetar este registro!
|
| LEADER | 00720nam a22001695a 4500 | ||
|---|---|---|---|
| 001 | EEA.libagro008039 | ||
| 005 | 20161122114009.0 | ||
| 008 | 130809s2008####ag#a##########000#0#spa#d | ||
| 082 | 0 | 4 | |a 635.26 |
| 100 | 1 | |a Dagna, Nicolás Emilio. | |
| 245 | 1 | 0 | |a Evaluación de enmiendas orgánicas en la producción de ajo (Allium sativum) / |c Nicolás Emilio Dagna. |
| 260 | |a Bahía Blanca, |c 2008. | ||
| 300 | |a 51 h. : |b il. ; |c 30 cm. | ||
| 500 | |a Trabajo de intensificación (Ingeniero Agrónomo) -- Universidad Nacional del Sur. Departamento de Agronomía, 2008. | ||
| 700 | 1 | |a Rodríguez, Roberto A., |e tutor. | |
| 710 | 2 | |a Universidad Nacional del Sur. |b Departamento de Agronomía. | |
| 859 | |a AR-BbBCA |b BIB. AGRONOMIA |h 635.26 |i D126 |p 2008/5428 | ||
